GETS Theological Seminary Library

再生情緣 (Record no. 42)

MARC details
000 -LEADER
fixed length control field 01984nam a2200241Ia 4500
003 - CONTROL NUMBER IDENTIFIER
control field OSt
005 - DATE AND TIME OF LATEST TRANSACTION
control field 20241009164245.0
008 - FIXED-LENGTH DATA ELEMENTS--GENERAL INFORMATION
fixed length control field 200731s9999 xx 000 0 und d
020 ## - INTERNATIONAL STANDARD BOOK NUMBER
International Standard Book Number 7511268439
020 ## - INTERNATIONAL STANDARD BOOK NUMBER
International Standard Book Number 9787511268433
040 ## - CATALOGING SOURCE
Transcribing agency 0
041 ## - LANGUAGE CODE
Language code of text/sound track or separate title chi
050 ## - LIBRARY OF CONGRESS CALL NUMBER
Classification number BV4910
Item number .Y36 2014
100 ## - MAIN ENTRY--PERSONAL NAME
Personal name 楊牧谷
245 ## - TITLE STATEMENT
Title 再生情緣
Remainder of title /
Statement of responsibility, etc. 楊牧谷
246 ## - VARYING FORM OF TITLE
Title proper/short title 再生情缘
260 ## - PUBLICATION, DISTRIBUTION, ETC.
Place of publication, distribution, etc. 北京:
Name of publisher, distributor, etc. 卓越書樓,
Date of publication, distribution, etc. 1995
300 ## - PHYSICAL DESCRIPTION
Extent 238 p.
Other physical details ;
Dimensions 21 cm.
505 ## - FORMATTED CONTENTS NOTE
Formatted contents note <br/>I 上篇 -- 1. RW92-2095 -- 2. 痊愈不是終極的關懷 -- 3. 「為甚麼是我」、「為甚麼不是我」之類…… -- 4. 撒但?你注定是失敗的! -- 5. 苦苦相連 -- 6. 寵壞了! -- 7. 老婆婆不再來 -- 8. 豈有不容置疑的權利呢! -- 9. 沒有味覺的日子 -- 10. 神是要我們漂亮亮地活下去 -- 11. 生命不是一場家家酒 -- 12. 「死亡, 我會比你長命!」 -- 13. 另類作息 -- 14. 「最後今天」-- 15. 洞破撒但的詭計 -- 16. 勝過撒但的詭計 -- 17. 儒家對苦難的了解 -- 18. 道、佛對苦難的了解 -- 19. 宗教界的三個模式 -- 20. 神哲之旅 -- 21. 一個評估 -- 22. 苦難的操練 -- II 下篇 -- 23. 癌細胞不是無所不能的 -- 24. 警號響起來了 -- 25. 你需要知多些 -- 26. 不痛的體外放射 -- 27. 痛死人的體內放射 -- 28. 衣、食、住、行 -- 29. 假如你愛的人病了 -- 30. 你所愛的人病了 -- 31. 後遺症既兇且久? -- 32. 怎樣忍受痛苦? -- 33. 免疫療法--病人的新希望 -- 34. 禍從口入--建立免癌的生活方式 -- III. 續篇 -- 35. 舊病復發的恐懼 -- 36. 醫者父母心?--病人與醫生的關係 -- 37. 病人權益清單--一封醫生執筆的公開信 -- 38. 天助自助--不可以做和可以做的事 39. 親人的煎熬--學習合作 -- 40. 蒼天悠悠, 獨我憂憂--由復和到得生的路 -- 41. 長夜漫漫.
650 ## - SUBJECT ADDED ENTRY--TOPICAL TERM
Topical term or geographic name entry element Cancer -- Patients.
650 ## - SUBJECT ADDED ENTRY--TOPICAL TERM
Topical term or geographic name entry element Witness bearing. (Christianity).
942 ## - ADDED ENTRY ELEMENTS (KOHA)
Source of classification or shelving scheme
Koha item type Chinese Book
Holdings
Withdrawn status Lost status Damaged status Not for loan Home library Current library Shelving location Date acquired Total Checkouts Full call number Barcode Date last seen Price effective from Koha item type
        GETS Theological Seminary Library GETS Theological Seminary Library General Stacks 07/09/2020   BV4910.33 .Y36 2014 00000042 07/09/2020 07/09/2020 Chinese Book
OpacCredits

Contact the Librarian, GETS Library
Email: library@mygets.org









Implemented by GETS Library
(Powered by ETCA Professional Group)
GETS Theological Seminary
412 E. Rowland Street, CA 91723